|
|
|
|
| LEADER |
00000nam a2200000Ia 4500 |
| 008 |
170320b1987 CK ||||| |||| 00| | spa d |
| 999 |
|
|
|c 1161
|d 1161
|
| 090 |
|
|
|a 301.4
|b A598an4
|
| 110 |
2 |
|
|a Corporación Integral para el Desarrollo Cultural y Social
|9 2590
|
| 245 |
1 |
0 |
|a Animadores para el cambio social : Guía práctica de formación
|
| 260 |
|
|
|a Colombia :
|b CODECAL,
|c 1987
|
| 300 |
|
|
|a 148 páginas
|
| 650 |
1 |
4 |
|a DIAGNÓSTICO
|9 632
|
| 650 |
1 |
4 |
|a COMUNICACIÓN
|9 150
|
| 650 |
1 |
4 |
|9 2227
|a TRABAJO EN EQUIPO
|
| 650 |
1 |
4 |
|a TRABAJO SOCIAL
|9 543
|
| 650 |
|
0 |
|a PLANIFICACION
|9 2302
|
| 650 |
1 |
4 |
|a EVALUACIÓN
|9 287
|
| 942 |
|
|
|i 366426
|h 301.4 A598an4
|2 z
|c 01
|